| 000 | 00844nam a2200253Ia 4500 | ||
|---|---|---|---|
| 003 | OSt | ||
| 005 | 20220926000743.0 | ||
| 006 | a|||||r|||| 00| 0 | ||
| 007 | ta | ||
| 008 | 220923b |||||||| |||| 00| 0 eng d | ||
| 037 | _cGeneral Book | ||
| 040 |
_aRTL _cRTL _beng |
||
| 041 |
_2eng _aeng |
||
| 082 | _aV2-1.N6, K9 | ||
| 100 |
_aKashyap Subhash C Ed. _926417 |
||
| 245 | 0 |
_aJounal _bUnion-state relations in India |
|
| 260 |
_a New Delhi _bInstitute of Constitutional and Parliamentary Studies India _c1969 |
||
| 300 |
_a292p _ccm. |
||
| 490 | _aJournal of Constitutional and Parliamentary Studies: Special Number | ||
| 500 | _aBibliography: P 224-244; Appendix: P 245-288; Index:p.289-292 | ||
| 650 | _aBureaucracy India | ||
| 942 |
_hV2-1.N6, K9 _cGB _2CC |
||
| 999 |
_c599673 _d599673 |
||